Statistics for Lovely Darling - Benson Boone (All Lyrics)

Click here to take the quiz!

General Stats

  • This quiz has been taken 7 times
  • The average score is 189 of 268

Answer Stats

Answer% Correct
And
100%
and
100%
be
100%
go
100%
Go
100%
I
100%
Just
100%
just
100%
that
100%
you
100%
your
100%
boring
80%
bury
80%
disappointed
80%
do
80%
don't
80%
Don't
80%
else
80%
ever
80%
is
80%
Is
80%
it
80%
more
80%
okay
80%
see
80%
so
80%
swear
80%
than
80%
that's
80%
That's
80%
This
80%
ways
80%
we
80%
We
80%
When
80%
you'll
80%
yourself
80%
agree
60%
around
60%
but
60%
darling
60%
days
60%
face
60%
Find
60%
going
60%
hate
60%
if
60%
in
60%
It'd
60%
keep
60%
like
60%
lovely
60%
Lovely
60%
me
60%
motions
60%
never
60%
on
60%
part
60%
parted
60%
phase
60%
say
60%
separate
60%
someone
60%
stay
60%
talk
60%
those
60%
through
60%
wanna
60%
you're
60%
another
40%
believe
40%
both
40%
broken
40%
everytime
40%
eyes
40%
glance
40%
he
40%
I'd
40%
it's
40%
It's
40%
leave
40%
look
40%
my
40%
of
40%
Or
40%
out
40%
take
40%
Take
40%
there
40%
think
40%
to
40%
waiting
40%
wanted
40%
wanting
40%
Would
40%
heartless
20%

Score Distribution

Percentile by Number Answered

Percent of People with Each Score

Your Score History

You have not taken this quiz